Basic microeconomics (Record no. 364766)
[ view plain ]
| 000 -LEADER | |
|---|---|
| fixed length control field | 00499nam a22001697a 4500 |
| 003 - CONTROL NUMBER IDENTIFIER | |
| control field | 0 |
| 005 - DATE AND TIME OF LATEST TRANSACTION | |
| control field | 20240604114134.0 |
| 008 - FIXED-LENGTH DATA ELEMENTS--GENERAL INFORMATION | |
| fixed length control field | 220804b xxu||||| |||| 00| 0 eng d |
| 020 ## - INTERNATIONAL STANDARD BOOK NUMBER | |
| International Standard Book Number | 978-981-49-8651-9 |
| 050 ## - LIBRARY OF CONGRESS CALL NUMBER | |
| Classification number | HB172 |
| Item number | .B38 2022 |
| 100 ## - MAIN ENTRY--PERSONAL NAME | |
| Personal name | Baumol, William J. |
| 245 ## - TITLE STATEMENT | |
| Title | Basic microeconomics |
| Statement of responsibility, etc | William J. Baumol; Alan S. Blinder; John L. Solow |
| 260 ## - PUBLICATION, DISTRIBUTION, ETC. (IMPRINT) | |
| Place of publication, distribution, etc | Australia |
| Name of publisher, distributor, etc | Cengage |
| Date of publication, distribution, etc | 2022 |
| 300 ## - PHYSICAL DESCRIPTION | |
| Extent | viii,365pp. |
| Dimensions | 25cm. |
| Accompanying material | Includes index. |
| Type of unit | Book |
| 500 ## - GENERAL NOTE | |
| General note | Microeconomics. |
| 942 ## - ADDED ENTRY ELEMENTS (KOHA) | |
| Source of classification or shelving scheme | Library of Congress Classification |
| Koha item type | Books |
| Withdrawn status | Lost status | Source of classification or shelving scheme | Damaged status | Home library | Current library | Shelving location | Date acquired | Source of acquisition | Total Checkouts | Full call number | Barcode | Date last seen | Price effective from | Koha item type | Sub Shelving location |
|---|---|---|---|---|---|---|---|---|---|---|---|---|---|---|---|
| Library of Congress Classification | College Library | College Library | Reserve Section | 08/04/2022 | Library Fund | HB172 .B38 2022 | C22735 | 08/04/2022 | 08/04/2022 | Books | |||||
| Library of Congress Classification | College Library | College Library | Reserve Section | 08/04/2022 | Library Fund | HB172 .B38 2022 | C22736 | 08/04/2022 | 08/04/2022 | Books | |||||
| Library of Congress Classification | College Library | College Library | Reserve Section | 08/04/2022 | Library Fund | HB172 .B38 2022 | C22737 | 08/04/2022 | 08/04/2022 | Books | |||||
| Library of Congress Classification | College Library | College Library | Reserve Section | 06/04/2024 | Library Fund | HB172 .B38 2022 | C23347 | 06/04/2024 | 06/04/2024 | Books | |||||
| Library of Congress Classification | College Library | College Library | Reserve Section | 06/04/2024 | Library Fund | HB 172 .B38 2022 | C23346 | 06/04/2024 | 06/04/2024 | Books |